Online
Catalog

La Vida en Rojo : (Record no. 42615)

MARC details
000 -CABECERA
campo de control de longitud fija 00736nam a2200205 a 4500
001 - NÚMERO DE CONTROL
campo de control 000043126
005 - FECHA Y HORA DE LA ÚLTIMA TRANSACCIÓN
campo de control 20201002040645.0
008 - DATOS DE LONGITUD FIJA--INFORMACIÓN GENERAL
campo de control de longitud fija 140220s2003 sp 001 0 spa d
040 ## - FUENTE DE LA CATALOGACIÓN
Centro catalogador/agencia de origen DO-SdBNP
Lengua de catalogación spa
Centro/agencia transcriptor BNPHU
100 1# - ENTRADA PRINCIPAL--NOMBRE DE PERSONA
Nombre de persona Castañeda, Jorge,
Fechas asociadas al nombre 1953-
9 (RLIN) 70673
245 13 - MENCIÓN DE TÍTULO
Título La Vida en Rojo :
Resto del título una Biografía del Che Guevara /
Mención de responsabilidad, etc. Jorge C. Castañeda ; prólogo de Ramón Pérez Maura.
260 ## - PUBLICACIÓN, DISTRIBUCIÓN, ETC.
Lugar de publicación, distribución, etc. [Madrid] :
Nombre del editor, distribuidor, etc. Folio,
Fecha de publicación, distribución, etc. 2003.
300 ## - DESCRIPCIÓN FÍSICA
Extensión 557 p. ;
Dimensiones 22 cm.
490 1# - MENCIÓN DE SERIE
Mención de serie La Vida en Rojo
Designación de volumen o secuencia 17
500 ## - NOTA GENERAL
Nota general Ed. especial para este periódico
500 ## - NOTA GENERAL
Nota general Incluye índice
504 ## - NOTA DE BIBLIOGRAFÍA, ETC.
Nota de bibliografía, etc. Incluye referencias bibliográficas y notas al pie de las páginas
700 12 - PUNTO DE ACCESO ADICIONAL--NOMBRE DE PERSONA
Nombre de persona Pérez Maura, Ramón
Término indicativo de función/relación pról.
9 (RLIN) 70674
830 #0 - PUNTO DE ACCESO ADICIONAL DE SERIE-TÍTULO UNIFORME
Título uniforme La Vida en Rojo
9 (RLIN) 70675
Holdings
Estado de retiro Estado de pérdida Restricciones de uso No para préstamo Código de colección Localización permanente Ubicación/localización actual Ubicación en estantería Fecha de adquisición Número de inventario Total de préstamos Signatura topográfica completa Código de barras Fecha visto por última vez Precio válido a partir de Tipo de ítem Koha
      Excluido de préstamo Monografías: Libros y Folletos General General En catalogación 20.02.2014 LF1   43126-10 25.06.2020 25.06.2020 No se presta

Powered by Koha